[Event "GER Cup Net V3 U2000"]
[Site "Playchess.com INT"]
[Date "2020.05.27"]
[Round "6"]
[White "Deckert, Frank2222"]
[Black "Friedrich, Karl"]
[Result "0-1"]
[WhiteElo "1653"]
[BlackElo "1747"]
[PlyCount "92"]
[EventDate "2020.05.27"]
[EventType "swiss (blitz)"]
[EventRounds "9"]
[EventCountry "GER"]
[SourceTitle "EXT 2021"]
[Source "ChessBase"]
[SourceDate "2020.10.23"]
[SourceVersion "1"]
[SourceVersionDate "2020.10.23"]
[SourceQuality "1"]

1. c4 e6 2. Nc3 Nf6 3. Nf3 d5 4. cxd5 exd5 5. d4 c6 6. g3 Be7 7. Bg2 0-0 8. 0-0 Bg4 9. h3 Bh5 10. Kh2 Ne4 11. a3 Nd7 12. Bd2 f5 13. e3 a6 14. Qc2 Bg6 15. Ne5 Nxe5 16. dxe5 f4 17. Bxe4 fxg3+ 18. fxg3 dxe4 19. Rf4 Qd3 20. Qxd3 exd3 21. Raf1 Bg5 22. Rxf8+ Rxf8 23. Rxf8+ Kxf8 24. h4 Bd8 25. Kg2 Bc7 26. e6 Ke7 27. Kf3 Kxe6 28. Ne4 Bxe4+ 29. Kxe4 Bxg3 30. Kxd3 Bxh4 31. Kd4 Bf6+ 32. Kc5 Bd8 33. b4 h6 34. Bc3 g5 35. Bg7 h5 36. Bh6 g4 37. Bf4 h4 38. a4 g3 39. b5 cxb5 40. axb5 axb5 41. Kxb5 Kf5 42. Bd6 Bg5 43. Bc5 Ke4 44. Kb6 Bxe3 45. Bxe3 Kxe3 46. Kxb7 g2 0-1

[Event "GER-ch Net Amateur Gr-B Final"]
[Site "Playchess.com INT"]
[Date "2020.04.18"]
[Round "13"]
[White "Friedrich, Karl"]
[Black "Jeute, Peter"]
[Result "0-1"]
[WhiteElo "1770"]
[BlackElo "1723"]
[PlyCount "122"]
[EventDate "2020.04.18"]
[EventType "swiss (blitz)"]
[EventRounds "13"]
[EventCountry "GER"]
[SourceTitle "CBM 195 Extra"]
[Source "ChessBase"]
[SourceDate "2020.05.31"]
[SourceVersion "1"]
[SourceVersionDate "2020.05.31"]
[SourceQuality "1"]

1. Nf3 d5 2. d4 e6 3. c4 c5 4. dxc5 Bxc5 5. cxd5 exd5 6. Nc3 Nf6 7. Bg5 Be7 8. e3 Nc6 9. Bb5 0-0 10. 0-0 Bg4 11. h3 Bh5 12. Be2 h6 13. Bh4 Re8 14. Nd4 Bxe2 15. Ndxe2 Rc8 16. Qb3 Na5 17. Qa4 Nc4 18. Qb3 Na5 19. Qd1 Nc4 20. Rb1 Qd7 21. Bxf6 Bxf6 22. Nxd5 Bxb2 23. Qb3 Be5 24. Ndf4 Nd2 25. Qxb7 Qxb7 26. Rxb7 Nxf1 27. Kxf1 Bxf4 28. Nxf4 Rc1+ 29. Ke2 Rc2+ 30. Kf3 Rxa2 31. Nd5 a5 32. Nc3 Ra1 33. Ra7 Rc8 34. Nd5 Rc2 35. Ne7+ Kh7 36. Nd5 a4 37. Rxf7 a3 38. h4 h5 39. Nf4 a2 40. Nxh5 Kg6 41. Rxg7+ Kxh5 42. Rg8 Rf1 43. g4+ Kh6 44. g5+ Kh7 45. Rf8 a1Q 46. Rf7+ Kg8 47. g6 Rfxf2+ 48. Ke4 Rxf7 49. gxf7+ Kxf7 50. h5 Rh2 51. h6 Rxh6 52. Kd3 Re6 53. e4 Qa8 54. e5 Qd5+ 55. Kc3 Rxe5 56. Kb4 Re6 57. Kc3 Rc6+ 58. Kb4 Qc5+ 59. Ka4 Qb6 60. Ka3 Rc7 61. Ka4 Ra7# 0-1

[Event "GER-ch Net Amateur Gr-B Vor3"]
[Site "Playchess.com INT"]
[Date "2020.04.16"]
[Round "9"]
[White "Friedrich, Karl"]
[Black "Bigalke, Moritz"]
[Result "1-0"]
[WhiteElo "1771"]
[BlackElo "1670"]
[PlyCount "95"]
[EventDate "2020.04.16"]
[EventType "swiss (blitz)"]
[EventRounds "9"]
[EventCountry "GER"]
[SourceTitle "CBM 195 Extra"]
[Source "ChessBase"]
[SourceDate "2020.05.31"]
[SourceVersion "1"]
[SourceVersionDate "2020.05.31"]
[SourceQuality "1"]

1. Nf3 d6 2. d4 Nd7 3. c4 g6 4. Nc3 Bg7 5. e4 e5 6. d5 c5 7. Bg5 Ngf6 8. Bd3 0-0 9. Qd2 Re8 10. 0-0 Nh5 11. Bxd8 Rxd8 12. Nb5 Ndf6 13. Ng5 a6 14. Nc3 h6 15. Nh3 Bxh3 16. gxh3 Nf4 17. Be2 Nxh3+ 18. Kh1 Nf4 19. Qe3 h5 20. Bf3 Ng4 21. Bxg4 hxg4 22. Qg3 f5 23. exf5 gxf5 24. f3 gxf3 25. Rxf3 Kf7 26. Qg5 Rh8 27. Qxf5+ Kg8 28. Rg1 Rf8 29. Qg4 Rf7 30. Rxf4 exf4 31. Ne4 Rh6 32. Ng5 Re7 33. Ne6 Rh7 34. Qxf4 Kh8 35. Qxd6 Re8 36. Qd7 Rg8 37. Nxg7 Rhxg7 38. Rxg7 Rxg7 39. Qxg7+ Kxg7 40. Kg2 Kf6 41. Kf3 Ke5 42. h4 Kd4 43. b3 b5 44. cxb5 axb5 45. d6 c4 46. bxc4 bxc4 47. d7 c3 48. d8Q+ 1-0

[Event "GER-ch Net Amateur Gr-B Vor3"]
[Site "Playchess.com INT"]
[Date "2020.04.16"]
[Round "4"]
[White "Udelnov, Valentin"]
[Black "Friedrich, Karl"]
[Result "0-1"]
[WhiteElo "1548"]
[BlackElo "1771"]
[PlyCount "138"]
[EventDate "2020.04.16"]
[EventType "swiss (blitz)"]
[EventRounds "9"]
[EventCountry "GER"]
[SourceTitle "CBM 195 Extra"]
[Source "ChessBase"]
[SourceDate "2020.05.31"]
[SourceVersion "1"]
[SourceVersionDate "2020.05.31"]
[SourceQuality "1"]

1. e4 e6 2. d4 d5 3. Nd2 Nf6 4. e5 Nfd7 5. Bd3 c5 6. c3 Nc6 7. Ne2 a6 8. 0-0 b5 9. Nf3 Be7 10. Bf4 0-0 11. Bc2 f6 12. Qd3 g6 13. Bh6 Rf7 14. Nf4 Nf8 15. h3 fxe5 16. Bxf8 Qxf8 17. Nxe5 Nxe5 18. dxe5 Rxf4 19. Qg3 Rf7 20. f4 Bd7 21. Rf3 Qg7 22. h4 Raf8 23. Kf2 Qh6 24. Ke3 Qxh4 25. Qxh4 Bxh4 26. Rh1 Be7 27. Rfh3 Rg7 28. b3 Be8 29. g4 Bd8 30. Rh6 a5 31. a4 bxa4 32. bxa4 Bb6 33. Kf3 d4 34. c4 Bc6+ 35. Kg3 Bxh1 36. Rxh1 Bd8 37. Be4 Be7 38. Bc6 Rd8 39. Bb5 d3 40. Rd1 d2 41. Kf2 Rd4 42. Ke3 Rd8 43. Rxd2 Rxd2 44. Kxd2 Bh4 45. Ke3 Re7 46. Ke2 Kg7 47. Ke3 Rc7 48. Ke4 Rc8 49. Ke3 Rd8 50. Ke4 Rd4+ 51. Ke3 Bg3 52. f5 gxf5 53. gxf5 exf5 54. e6 Re4+ 55. Kf3 Bd6 56. e7 Bxe7 57. Bc6 h5 58. Bxe4 fxe4+ 59. Kxe4 Kf6 60. Kd5 h4 61. Kc6 h3 62. Kb5 Bd8 63. Kxc5 h2 64. Kb5 h1Q 65. Ka6 Qb1 66. Ka7 Ke6 67. c5 Kd7 68. c6+ Kxc6 69. Ka6 Qb6# 0-1

[Event "GER-ch Net Amateur Gr-B Vor2"]
[Site "Playchess.com INT"]
[Date "2020.04.15"]
[Round "1"]
[White "Atze, Burkhard"]
[Black "Friedrich, Karl"]
[Result "1/2-1/2"]
[WhiteElo "1534"]
[BlackElo "1663"]
[PlyCount "107"]
[EventDate "2020.04.15"]
[EventType "swiss (blitz)"]
[EventRounds "9"]
[EventCountry "GER"]
[SourceTitle "CBM 196 Extra"]
[Source "ChessBase"]
[SourceDate "2020.07.31"]
[SourceVersion "1"]
[SourceVersionDate "2020.07.31"]
[SourceQuality "1"]

1. e4 e6 2. b3 d5 3. Bb2 Nf6 4. e5 Nfd7 5. d4 c5 6. f4 Nc6 7. Nf3 cxd4 8. Nxd4 a6 9. Be2 Bb4+ 10. c3 Be7 11. 0-0 0-0 12. Ba3 Bxa3 13. Nxa3 Nc5 14. Nac2 Ne4 15. Qd3 Bd7 16. Bf3 Nc5 17. Qe2 Nxd4 18. Nxd4 Bc6 19. Rac1 Qh4 20. g3 Qe7 21. c4 Rad8 22. Rfd1 Qc7 23. Qc2 Nd7 24. cxd5 exd5 25. Nxc6 bxc6 26. Qxc6 Qa7+ 27. Kg2 Qe3 28. Qxd5 g6 29. Qe4 Qa7 30. Rc4 Nb6 31. Rcd4 Rxd4 32. Rxd4 Nc8 33. Qd3 Qc7 34. Rd7 Qb6 35. Rd6 Qc7 36. Rxa6 Ne7 37. Rd6 Nf5 38. Rd7 Qb6 39. Bg4 Ne3+ 40. Kh3 Nxg4 41. Kxg4 h5+ 42. Kh3 Qe6+ 43. Kg2 Qc6+ 44. Kf2 Qc5+ 45. Ke2 Qg1 46. h4 Qg2+ 47. Kd1 Qg1+ 48. Kd2 Qf2+ 49. Kc3 Qc5+ 50. Qc4 Qe3+ 51. Rd3 Qe1+ 52. Kd4 Qf2+ 53. Kc3 Qe1+ 54. Rd2 1/2-1/2

[Event "GER-ch Net Amateur Gr-B Vor1"]
[Site "Playchess.com INT"]
[Date "2020.04.14"]
[Round "3"]
[White "Friedrich, Karl"]
[Black "Schmitt, Carsten1111"]
[Result "0-1"]
[WhiteElo "1673"]
[BlackElo "1767"]
[PlyCount "122"]
[EventDate "2020.04.14"]
[EventType "swiss (blitz)"]
[EventRounds "9"]
[EventCountry "GER"]
[SourceTitle "EXT 2021"]
[Source "ChessBase"]
[SourceDate "2020.10.23"]
[SourceVersion "1"]
[SourceVersionDate "2020.10.23"]
[SourceQuality "1"]

1. Nf3 Nf6 2. d4 e6 3. c4 Bb4+ 4. Nc3 d5 5. Qc2 0-0 6. e3 b6 7. Bd3 Bb7 8. cxd5 exd5 9. 0-0 Nbd7 10. Ne5 c5 11. a3 Bxc3 12. bxc3 c4 13. Bf5 g6 14. Bxd7 Nxd7 15. f4 f6 16. Nxg6 Rf7 17. Nh4 f5 18. Nxf5 Qf6 19. Ng3 Kh8 20. Bd2 Rg8 21. Rab1 Qg7 22. Qd1 Nf6 23. Rf2 Ng4 24. Rf3 Qh6 25. h3 Nf6 26. Qe2 Bc8 27. f5 Rfg7 28. Be1 Qg5 29. Rb2 h5 30. Rf4 h4 31. Nh1 Bxf5 32. Rxh4+ Bh7 33. Rf4 Ne4 34. Bh4 Qg6 35. Rg4 Qf7 36. Rxg7 Qxg7 37. Qf3 Qg6 38. Re2 Nxc3 39. Rb2 Ne4 40. a4 Qg7 41. a5 Rf8 42. Qg4 Qxg4 43. hxg4 c3 44. Rc2 bxa5 45. Be7 Rb8 46. Bc5 Rb2 47. Rc1 c2 48. Nf2 Rb1 49. Nd3 Nxc5 50. dxc5 Bxd3 51. c6 Rxc1+ 52. Kf2 Ba6 53. g5 Rd1 54. g6 c1Q 55. g7+ Kxg7 56. c7 Bc8 57. e4 Qc3 58. exd5 Rd2+ 59. Ke1 Qe3+ 60. Kf1 Qe2+ 61. Kg1 Qxg2# 0-1

[Event "Sachsen-Anhalt Landesliga-A 1920"]
[Site "Sachsen Anhalt"]
[Date "2020.02.02"]
[Round "6"]
[White "Friedrich, Karl"]
[Black "Heutling, Elina"]
[Result "0-1"]
[WhiteElo "1829"]
[BlackElo "1860"]
[PlyCount "86"]
[EventDate "2019.09.29"]
[EventType "team-tourn"]
[EventRounds "9"]
[EventCountry "GER"]
[SourceTitle "EXT 2023"]
[Source "ChessBase"]
[SourceDate "2022.10.05"]
[SourceVersion "1"]
[SourceVersionDate "2022.10.05"]
[SourceQuality "1"]
[WhiteTeam "Burger Schwarz Weiss"]
[BlackTeam "Magdeburg Aufbau Elbe III"]
[WhiteTeamCountry "GER"]
[BlackTeamCountry "GER"]

1. Nf3 Nf6 2. d4 g6 3. c4 Bg7 4. Nc3 0-0 5. e4 d6 6. Be2 e5 7. Bg5 h6 8. Bh4 exd4 9. Nxd4 Re8 10. f3 c6 11. Nb3 Be6 12. 0-0 g5 13. Bg3 d5 14. cxd5 cxd5 15. Nb5 Qb6+ 16. Bf2 Qd8 17. Nc5 Qe7 18. Nxe6 fxe6 19. Bg3 Nh5 20. exd5 Nxg3 21. hxg3 Qc5+ 22. Kh1 Na6 23. d6 Rf8 24. Rc1 Qe5 25. Qe1 Rae8 26. Bc4 Qxb2 27. Bxe6+ Kh8 28. Nc7 Rd8 29. d7 Nb8 30. Bh3 Nxd7 31. Ne6 Rde8 32. Qd1 Nf6 33. Nxf8 Rxf8 34. f4 Ne4 35. Qf3 Nd2 36. Qf2 Nxf1 37. Qxb2 Nxg3+ 38. Kh2 Bxb2 39. Rb1 Nf1+ 40. Rxf1 Be5 41. Rd1 Rxf4 42. Rd5 Rf5+ 43. Kh1 Rf1# 0-1

[Event "Sachsen-Anhalt Landesliga-A 1920"]
[Site "Sachsen Anhalt"]
[Date "2020.01.19"]
[Round "5.3"]
[White "Holtmeier, Volker"]
[Black "Friedrich, Karl"]
[Result "0-1"]
[WhiteElo "1728"]
[BlackElo "1829"]
[PlyCount "72"]
[EventDate "2019.09.29"]
[EventType "team-tourn"]
[EventRounds "9"]
[EventCountry "GER"]
[SourceTitle "EXT 2023"]
[Source "ChessBase"]
[SourceDate "2022.10.05"]
[SourceVersion "1"]
[SourceVersionDate "2022.10.05"]
[SourceQuality "1"]
[WhiteTeam "Gardelegen"]
[BlackTeam "Burger Schwarz Weiss"]
[WhiteTeamCountry "GER"]
[BlackTeamCountry "GER"]

1. b3 e5 2. Bb2 d6 3. e4 Nf6 4. d3 Be7 5. Be2 Be6 6. Nf3 Nbd7 7. Ng5 0-0 8. Nxe6 fxe6 9. 0-0 d5 10. f4 exf4 11. e5 g5 12. exf6 Bxf6 13. c3 e5 14. Bg4 Qe7 15. d4 exd4 16. cxd4 Qe3+ 17. Kh1 Nc5 18. Rf3 Ne4 19. Qf1 Bxd4 20. Bxd4 Qxd4 21. Na3 Qc5 22. b4 Qb6 23. Rd1 c6 24. Nc2 Rf6 25. g3 Raf8 26. gxf4 Rxf4 27. Be6+ Kg7 28. Rdd3 Nf2+ 29. Rxf2 Rxf2 30. Qa1+ Kg6 31. Ne3 Qxb4 32. Rd4 Qd6 33. Qb1+ Kg7 34. Qxb7+ R8f7 35. Rf4 Qxf4 36. Nf5+ Qxf5 0-1

[Event "Sachsen-Anhalt Landesliga A 18/19"]
[Site "Sachsen Anhalt"]
[Date "2019.04.07"]
[Round "9.2"]
[White "Friedrich, Karl"]
[Black "Frotscher, Thomas"]
[Result "1/2-1/2"]
[WhiteElo "1822"]
[BlackElo "2118"]
[PlyCount "80"]
[EventDate "2018.09.23"]
[EventType "team-tourn"]
[EventRounds "9"]
[EventCountry "GER"]
[SourceTitle "EXT 2022"]
[Source "ChessBase"]
[SourceDate "2021.10.06"]
[SourceVersion "1"]
[SourceVersionDate "2021.10.06"]
[SourceQuality "1"]
[WhiteTeam "Burger Schwarz Weiss"]
[BlackTeam "Magdeburg SC Norbertus"]
[WhiteTeamCountry "GER"]
[BlackTeamCountry "GER"]

1. Nf3 Nf6 2. c4 g6 3. Nc3 Bg7 4. g3 0-0 5. Bg2 d5 6. cxd5 Nxd5 7. 0-0 c5 8. Qb3 Nb6 9. d3 Nc6 10. Ne4 Be6 11. Qc2 Nd4 12. Nxd4 cxd4 13. Bf4 Nd5 14. Qd2 Nxf4 15. Qxf4 Bd5 16. Qg5 f5 17. Nd2 Bxg2 18. Kxg2 Qd5+ 19. Kg1 Bf6 20. Qf4 Rac8 21. Nc4 b5 22. Na3 e5 23. Qd2 a6 24. Rfc1 e4 25. Qd1 Bg5 26. Rc2 Kg7 27. Rxc8 Rxc8 28. Nc2 Qc5 29. Ne1 Qb4 30. Rb1 Qd2 31. Kf1 Qxd1 32. Rxd1 Rc1 33. Rxc1 Bxc1 34. b3 Bd2 35. Nc2 Bc3 36. Kg2 Kf6 37. f4 a5 38. Na3 Ke6 39. Nxb5 Kd5 40. Na3 Kc5 1/2-1/2